South Eastern Kenya University

Library Online Public Access Catalogue


Introductory algebra for college students / (Record no. 13459)

MARC details
000 -LEADER
fixed length control field 01486cam a22003134a 4500
001 - CONTROL NUMBER
control field 16686604
003 - CONTROL NUMBER IDENTIFIER
control field OSt
005 - DATE AND TIME OF LATEST TRANSACTION
control field 20160506173054.0
008 - FIXED-LENGTH DATA ELEMENTS--GENERAL INFORMATION
fixed length control field 110310s2013 maua 001 0 eng
010 ## - LIBRARY OF CONGRESS CONTROL NUMBER
LC control number 2011006328
020 ## - INTERNATIONAL STANDARD BOOK NUMBER
International Standard Book Number 0321758951
020 ## - INTERNATIONAL STANDARD BOOK NUMBER
International Standard Book Number 9780321758958
035 ## - SYSTEM CONTROL NUMBER
System control number (OCoLC)ocn706965524
040 ## - CATALOGING SOURCE
Original cataloging agency DLC
Language of cataloging eng
Transcribing agency DLC
Modifying agency YDX
-- YDXCP
-- BWX
-- LANGC
-- DLC
042 ## - AUTHENTICATION CODE
Authentication code pcc
050 00 - LIBRARY OF CONGRESS CALL NUMBER
Classification number QA152.3
Item number .B64 2013
082 00 - DEWEY DECIMAL CLASSIFICATION NUMBER
Classification number 512.9
Edition number 22
100 1# - MAIN ENTRY--PERSONAL NAME
Personal name Blitzer, Robert.
245 10 - TITLE STATEMENT
Title Introductory algebra for college students /
Statement of responsibility, etc. Robert Blitzer.
250 ## - EDITION STATEMENT
Edition statement 6th ed.
260 ## - PUBLICATION, DISTRIBUTION, ETC. (IMPRINT)
Place of publication, distribution, etc. Boston :
Name of publisher, distributor, etc. Pearson,
Date of publication, distribution, etc. c2013.
300 ## - PHYSICAL DESCRIPTION
Extent xvii, 688, [55] p. :
Other physical details ill. (some col.) ;
Dimensions 29 cm.
500 ## - GENERAL NOTE
General note Includes indexes.
505 2# - FORMATTED CONTENTS NOTE
Formatted contents note Variables, real numbers, and mathematical models -- Linear equations and inequalities in one variable -- Linear equations and inequalities in two variables -- Systems of linear equations and inequalities -- Exponents and polynomials -- Factoring polynomials -- Rational expressions -- Roots and radicals -- Quadratic equations and introduction to functions.
650 #0 - SUBJECT ADDED ENTRY--TOPICAL TERM
Topical term or geographic name as entry element Algebra
Form subdivision Textbooks.
906 ## - LOCAL DATA ELEMENT F, LDF (RLIN)
a 7
b cbc
c orignew
d 1
e ecip
f 20
g y-gencatlg
942 ## - ADDED ENTRY ELEMENTS (KOHA)
Source of classification or shelving scheme Library of Congress Classification
Koha item type General circulation
Holdings
Withdrawn status Lost status Source of classification or shelving scheme Damaged status Not for loan Home library Current library Shelving location Date acquired Source of acquisition Total Checkouts Full call number Barcode Date last seen Price effective from Koha item type Public note
    Library of Congress Classification     Wote Campus Library Wote Campus Library General Stacks 06/05/2016 donation- books for Africa   QA152.3 .B64 2013 2016/011626 06/05/2016 06/05/2016 General circulation GM
Kitui, Kenya.
+254736116989
library@seku.ac.ke